|
|
|
|
| LEADER |
01192nam a2200217 i 4500 |
| 001 |
GR-MES528 |
| 003 |
GR-PaULI |
| 005 |
20250123135048.0 |
| 008 |
991111s1991 gr a g 000 0 gre d |
| 040 |
|
|
|a GrPaTEI
|b gre
|c GR-PaULI
|e AACR2
|
| 082 |
0 |
4 |
|2 23
|a 330.015 195
|
| 100 |
1 |
|
|a Κιντής, Ανδρέας Α.,
|d 1935-2019
|9 10519
|e συγγραφέας.
|
| 245 |
1 |
0 |
|a Εφαρμογές οικονομετρίας /
|c Ανδρέα Α. Κιντή.
|
| 260 |
|
|
|a Αθήνα :
|b Σμπίλιας,
|c 1991.
|
| 300 |
|
|
|a 249, [2] σ. :
|b εικ. ;
|c 24 εκ.
|
| 650 |
|
4 |
|a Οικονομική, Μαθηματική
|x Μελέτη και διδασκαλία (Ανώτατη).
|9 22669
|
| 942 |
|
|
|2 ddc
|c BK
|
| 952 |
|
|
|0 0
|1 0
|2 ddc
|4 0
|6 330_015000000000000_195_ΚΙΝ
|7 0
|9 263779
|a MSLG
|b MSLG
|c BSC
|d 2021-01-17
|e 24
|f 0
|g 0.00
|i 1984
|l 0
|o 330.015 195 ΚΙΝ
|p 2420000001984
|r 2021-01-17 00:00:00
|t 1
|w 2021-01-17
|y BK15
|x 19991111 0 1
|x GrPaTEI
|
| 952 |
|
|
|0 0
|1 0
|2 ddc
|4 0
|6 330_015000000000000_195_ΚΙΝ
|7 0
|9 263780
|a MSLG
|b MSLG
|c BSC
|d 2021-01-17
|e 24
|f 0
|g 0.00
|i 2843
|l 0
|o 330.015 195 ΚΙΝ
|p 2420000002843
|r 2021-01-17 00:00:00
|t 2
|w 2021-01-17
|y BK15
|x 19991111 0 1
|x GrPaTEI
|
| 998 |
|
|
|c ΒΑΣΙΛΕΙΟΥ
|d 2025-01
|
| 999 |
|
|
|c 151877
|d 151877
|